000 00267nam a22001217a 4500
003 SGT
082 _a820
_bN06R
100 _aRAJAN, RADHA
245 _aNGO'S ACTIVISTS & FOREIGN FUNDS
260 _bVIGIL PUBLIC OPINION FORUM
_c2006
300 _a256
942 _2ddc
_cBK
999 _c30897
_d30897